000
003050000a22001450004500
003
MACL
040
_a
MACL
090
_c
5742
_d
5741
100
_a
Satprem
245
_a
The Mind Of The Cells
260
_b
Institute Of Evolutionary Research
350
_a
48
650
_a
Philisophy
942
_c
BOOK
_k
128.2
999
_c
5699
_d
5699